Statistics for Around the World with Ben & Jerry's Ice Cream

Click here to take the quiz!

General Stats

  • This quiz has been taken 19 times
  • The average score is 23 of 35

Answer Stats

Countries with B&J% Correct
United States
100%
United Kingdom
88%
Australia
81%
Canada
81%
Denmark
81%
Germany
81%
Ireland
81%
Japan
81%
New Zealand
81%
Spain
81%
Sweden
81%
Switzerland
81%
Poland
75%
Portugal
75%
Austria
69%
Belgium
69%
Brazil
69%
Finland
69%
Greece
69%
Italy
69%
Norway
69%
Romania
69%
Czech Republic
63%
Mexico
63%
Netherlands
56%
Singapore
56%
Turkey
56%
Croatia
50%
Israel
50%
Serbia
50%
Slovakia
50%
Thailand
44%
United Arab Emirates
44%
Bahamas
38%
Kosovo
13%

Score Distribution

Percentile by Number Answered

Percent of People with Each Score

Your Score History

You have not taken this quiz